Argument-based validation in testing and assessment Carol A. Chapelle
Guardat en:
| Autor principal: | |
|---|---|
| Format: | Llibre |
| Idioma: | anglès |
| Publicat: |
SAGE
2021
|
| Etiquetes: |
Afegir etiqueta
Sense etiquetes, Sigues el primer a etiquetar aquest registre!
|
MARC
| LEADER | 00000nam a22000007a 4500 | ||
|---|---|---|---|
| 008 | 230814b |||||||| |||| 00| 0 eng d | ||
| 020 | |a 9781544334486 | ||
| 100 | |a CHAPELLE, Carol A. | ||
| 245 | |a Argument-based validation in testing and assessment Carol A. Chapelle |c Carol A. Chapelle |e Quantitative applications in the social sciences |f 184 |g xxi, 135 p | ||
| 260 | |b SAGE |c 2021 |h Thousand Oaks, CA |i 700488 |i 700489 |i 700490 |i 700491 |l LB3060.7 .C36 |m Examinations- Validity |m Educational tests and measurement- Evaluation |m Psychological tests-Evaluation | ||
| 500 | |a it includes references and index | ||
| 942 | |a lcc |c BK |e Johnson |f 14/08/23 | ||
| 952 | |0 0 |1 0 |2 lcc |4 0 |6 LB30607 C36 |7 0 |9 4369 |a ED |b HOL |c LP |d 2023-08-14 |l 0 |o LB3060.7 .C36 |p 2023-0294 |r 2023-08-14 00:00:00 |t 700488 |w 2023-08-14 |y BK | ||
| 952 | |0 0 |1 0 |2 lcc |4 0 |6 LB30607 C36 |7 0 |9 4370 |a SSL |b HOL |c LP |d 2023-08-14 |l 0 |o LB3060.7 .C36 |p 2023-0295 |r 2023-08-14 00:00:00 |t 700489 |w 2023-08-14 |y BK | ||
| 952 | |0 0 |1 0 |2 lcc |4 0 |6 LB30607 C36 |7 0 |9 4371 |a HOL |b HOL |c LP |d 2023-08-14 |l 0 |o LB3060.7 .C36 |p 2023-0296 |r 2023-08-14 00:00:00 |t 700490 |w 2023-08-14 |y BK | ||
| 952 | |0 0 |1 0 |2 lcc |4 0 |6 LB30607 C36 |7 0 |9 4372 |a HOL |b HOL |c LP |d 2023-08-14 |l 0 |o LB3060.7 .C36 |p 2023-0297 |r 2023-08-14 00:00:00 |t 700491 |w 2023-08-14 |y BK | ||
| 999 | |c 2194 |d 2194 | ||